Basic electrical and electronics engineering -I / (Record no. 49584)

MARC details
000 -LEADER
fixed length control field 01064nam a22002777a 4500
005 - DATE AND TIME OF LATEST TRANSACTION
control field 20101228111848.0
008 - FIXED-LENGTH DATA ELEMENTS--GENERAL INFORMATION
fixed length control field 101228t xxu||||| |||| 00| 0 eng d
010 ## - LCCN (DPL NO)
LC control number ENG-101883
020 ## - INTERNATIONAL STANDARD BOOK NUMBER
International Standard Book Number 9780070704572
Terms of availability 280.00
020 ## - INTERNATIONAL STANDARD BOOK NUMBER
International Standard Book Number 0070704570
Terms of availability 280.00
035 ## - SYSTEM CONTROL NUMBER
System control number EN-85416
037 ## - SOURCE OF ACQUISITION
Source of stock number/acquisition DBAD / PUB
040 ## - CATALOGING SOURCE
Original cataloging agency dpl
Language of cataloging Eng
082 ## - DEWEY DECIMAL CLASSIFICATION NUMBER
Classification number 621.38
100 ## - MAIN ENTRY--PERSONAL NAME
Personal name Chakrabarti, Abhijit
9 (RLIN) 25123
245 ## - TITLE STATEMENT
Title Basic electrical and electronics engineering -I /
Statement of responsibility, etc by Abhijit Chakrabarti [and] Sudipta Nath
260 ## - PUBLICATION, DISTRIBUTION, ETC. (IMPRINT)
Place of publication, distribution, etc New Delhi
Name of publisher, distributor, etc Tata Mc-Graw Hill Publishing
Date of publication, distribution, etc 2011
270 ## - ADDRESS
Address 7, West Patel Nagar
City New Delhi
Postal code 110 008
300 ## - PHYSICAL DESCRIPTION
Extent Various pagings
Dimensions 23 cm (pbk)
500 ## - GENERAL NOTE
General note As per the new syllabus of WBUT effective 2010
650 ## - SUBJECT ADDED ENTRY--TOPICAL TERM
Topical term or geographic name as entry element Electrical engineering
9 (RLIN) 25124
650 ## - SUBJECT ADDED ENTRY--TOPICAL TERM
Topical term or geographic name as entry element Electronics.
9 (RLIN) 25125
700 ## - ADDED ENTRY--PERSONAL NAME
Personal name Nath, Sudipta
9 (RLIN) 25126
942 ## - ADDED ENTRY ELEMENTS (KOHA)
Institution code [OBSOLETE] dpl
Item type English Books
Source of classification or shelving scheme Dewey Decimal Classification
Classification part 621.38
Call number suffix CHA
Holdings
Withdrawn status Lost status Source of classification or shelving scheme Damaged status Not for loan Collection code Home library Current library Date acquired Source of acquisition Cost, normal purchase price Total Checkouts Full call number Barcode Date last seen Copy number Cost, replacement price Koha item type
    Dewey Decimal Classification   Not For Loan Non-fiction D.B.Act.Division D.B.Act.Division 28/12/2010 DBAD/PUB 280.00   621.38 CHA EN-85416 28/12/2010 1 280.00 English Books

© Delhi Public Library
Hit Counter
free hit counter